|
|
|
|
| LEADER |
00000nam a22000007a 4500 |
| 005 |
20220519215844.0 |
| 007 |
cr|||| |||| |
| 008 |
220519c20149999us fr|w s|||| 0|||b1eng d |
| 022 |
|
|
|a 2372-8639
|
| 035 |
|
|
|a 36229
|
| 040 |
|
|
|a vLex
|
| 090 |
|
|
|c 13366
|d 13366
|
| 245 |
0 |
0 |
|a World Food Policy
|h [Recurso electrn̤ico] /
|
| 256 |
|
|
|a Servicio en ln̕ea
|
| 260 |
|
|
|a Hoboken:
|b Wiley,
|c 2014 -
|
| 300 |
|
|
|a 1 recurso electrn̤ico
|
| 310 |
|
|
|a Semestral
|
| 362 |
|
|
|a Nð 1-1 (Mar. 2014) -
|
| 500 |
|
|
|a World Food Policy (WFP) semi-annually publishes research-based articles exploring various aspects of policies and decisions that affect food systems at the global, regional, and transnational levels.Articles on policies pertaining to non-food commodities with noticeable impact on the world food sector or comparative national food policies are also within the scope of the journal. The aim is to promote a multi-disciplinary forum for generating the analysis and understanding of global trends as well as regional and local forces shaping food and food policies around the world.
|
| 506 |
1 |
|
|a Disponible solo en los productos indicados
|d vLex Global
|d vLex Global (Academic Edition, excluding Law Schools)
|d vLex Global (Academic Edition, Law Schools)
|
| 650 |
0 |
4 |
|a Derecho Penal
|z Estados Unidos
|
| 740 |
0 |
|
|a vLex Revistas (Servicio en ln̕ea)
|
| 856 |
4 |
0 |
|u https://app.vlex.com/#/sources/36229
|z Acceso restringido
|
| 942 |
|
|
|c REV
|
| 999 |
0 |
|
|a Criminal law
|